| 000 | 00000nam 2200000zi 4500 |
| 001 | 9.925216 |
| 003 | CaOODSP |
| 005 | 20241203113656 |
| 006 | m o d f |
| 007 | cr |n||||||||| |
| 008 | 230719s1994 oncda ob f|0| 0 eng d |
| 040 | |aCaOODSP|beng|erda|cCaOODSP |
| 043 | |an-cn--- |
| 086 | 1 |aEn4-551/1994E-PDF |
| 245 | 00|aAir quality trends in Canadian cities : |b1979-1992. |
| 264 | 1|a[Ottawa] : |bEnvironment Canada = Environment Canada, |c[1994] |
| 300 | |a1 online resource (5 unnumbered pages) : |bcharts, illustrations |
| 336 | |atext|btxt|2rdacontent |
| 337 | |acomputer|bc|2rdamedia |
| 338 | |aonline resource|bcr|2rdacarrier |
| 500 | |aIssued also in French under title: Les tendances de la qualité de l'air dans les villes canadiennes, 1979-1992. |
| 500 | |aDigitized edition from print [produced by Environment and Climate Change Canada]. |
| 504 | |aIncludes bibliographical references. |
| 650 | 0|aAir quality|zCanada. |
| 650 | 0|aAir|xPollution|zCanada. |
| 650 | 0|aUrban pollution|zCanada. |
| 710 | 1 |aCanada. |bEnvironment Canada, |eissuing body. |
| 775 | 08|tLes tendances de la qualité de l'air dans les villes canadiennes, 1979-1992.|w(CaOODSP)9.927111 |
| 856 | 40|qPDF|s4.36 MB|uhttps://publications.gc.ca/collections/collection_2024/eccc/en4/En4-551-1994-eng.pdf |